Artificial intelligence : a modern approach (Record no. 9521)
[ view plain ]
| 000 -LEADER | |
|---|---|
| fixed length control field | 00641 a2200181 4500 |
| 020 ## - INTERNATIONAL STANDARD BOOK NUMBER | |
| International Standard Book Number | 0137903952 |
| 040 ## - CATALOGING SOURCE | |
| Original cataloging agency | DLC |
| Language of cataloging | DLC |
| 082 00 - DEWEY DECIMAL CLASSIFICATION NUMBER | |
| Classification number | 006.3 |
| 100 1# - MAIN ENTRY--PERSONAL NAME | |
| Personal name | Russell, Stuart J. |
| 245 10 - TITLE STATEMENT | |
| Title | Artificial intelligence : a modern approach |
| Statement of responsibility, etc. | Stuart J. Russell and Peter Norvig ; contributing writers, John F. Canny ... [et al.]. |
| 250 ## - EDITION STATEMENT | |
| Edition statement | 2nd ed. |
| 260 ## - PUBLICATION, DISTRIBUTION, ETC. | |
| Place of publication, distribution, etc. | Upper Saddle River, N.J. : |
| Name of publisher, distributor, etc. | Prentice Hall/Pearson Education, |
| Date of publication, distribution, etc. | c2003. |
| 300 ## - PHYSICAL DESCRIPTION | |
| Extent | xxviii, 1080 p. : |
| Other physical details | ill. ; |
| Dimensions | 27 cm. |
| 440 #0 - SERIES STATEMENT/ADDED ENTRY--TITLE | |
| Title | Prentice Hall series in artificial intelligence |
| 650 #0 - SUBJECT ADDED ENTRY--TOPICAL TERM | |
| Topical term or geographic name entry element | Artificial intelligence. |
| 700 1# - ADDED ENTRY--PERSONAL NAME | |
| Personal name | Norvig, Peter. |
| 942 ## - ADDED ENTRY ELEMENTS (KOHA) | |
| Koha item type | Book |
| Call number prefix | 006.3 RUS |
| Source of classification or shelving scheme | |
| Withdrawn status | Lost status | Damaged status | Not for loan | Collection code | Permanent Location | Current Location | Shelving location | Date acquired | Source of acquisition | Cost, normal purchase price | Total Checkouts | Total Renewals | Full call number | Barcode | Date last seen | Date last checked out | Price effective from | Koha item type | Checked out |
|---|---|---|---|---|---|---|---|---|---|---|---|---|---|---|---|---|---|---|---|
| Central Library (CL) | Central Library (CL) | First Floor - Artificial Intelligence/Data Mining | 04/29/2022 | Allied Book Company | 540.36 | 14 | 3 | 006.3 RUS | SEECS004013 | 02/12/2026 | 12/02/2024 | 01/05/2017 | Book | ||||||
| Central Library (CL) | Central Library (CL) | First Floor - Artificial Intelligence/Data Mining | 01/09/2025 | 3 | 1 | 006.3 RUS | SEECSD00156 | 01/09/2025 | 09/20/2016 | 01/05/2017 | Book | ||||||||
| Central Library (CL) | Central Library (CL) | First Floor - Artificial Intelligence/Data Mining | 12/27/2013 | Allied Book Company | 652.00 | 8 | 3 | 006.3 RUS | SEECS012955 | 03/10/2021 | 03/10/2021 | 01/05/2017 | Book | 07/08/2021 |
